Statistics for Magic: The Gathering (MTG) Vintage Banned and Restricted List

Click here to take the quiz!

General Stats

  • This quiz has been taken 56 times
    (14 since last reset)
  • The average score is 43 of 52

Answer Stats

Year Banned/RestricedDescriptionAnswer% Correct
banned1994/2007use library to play a game within the game. whoever loses the game loses half of their life in the main game.Shahrazad
100%
restricted1994pay one mana, draw 3 cardsAncestral Recall
89%
restricted1994sac this free artifact to add 3 manaBlack Lotus
89%
restricted2008draw 3 cards then put 2 from your hand back on top of your deckBrainstorm
89%
restricted2015cast for XX: counter all spells of cmc xChalice of the Void
89%
restricted1994you may pay life to add colorless mana to your poolChannel
89%
banned1995flip this artifact onto the table. whatever it hits is destroyedChaos Orb
89%
restricted1994search your deck for any card and put it in your handDemonic Tutor
89%
restricted2015delve: look at the top 7 cards and put 2 in your handDig Through Time
89%
restricted2008Put a creature in play at instant speed. sac it unless you pay its mana costFlash
89%
restricted2017pay 2 life, see your opponents hand, draw a cardGitaxian Probe
89%
restricted2019dredge 6Golgari Grave-Troll
89%
restricted20194 mana planeswalker. can grab artifacts from your sideboardKarn, the Great Creator
89%
restricted1994if you have 7 cards in hand, tap this land to draw a cardLibrary of Alexandria
89%
restricted2003sac this artifact and discard your hand. add 3 mana to your poolLion's Eye Diamond
89%
restricted1999sac this free artifact to gain 1 mana of any colorlotus petal
89%
restricted1999this free artifact taps for 2. in your upkeep flip a coin to see if you take 3 damageMana Crypt
89%
restricted19991 mana artifact that taps for 3 but doesn't untap normallyMana Vault
89%
restricted2019pay 2 life to counter 1 mana spellsMental Misstep
89%
restricted2017prowess and make tokens with prowessMonastery Mentor
89%
restricted1994free artifact tap for GMox Emerald
89%
restricted1994free artifact tap for BMox Jet
89%
restricted1994free artifact tap for WMox Pearl
89%
restricted1994free artifact tap for RMox Ruby
89%
restricted1994free artifact tap for UMox Sapphire
89%
restricted2000pay a life to exile a card from your library. In your end step, put those cards in your handNecropotence
89%
restricted19941 mana artifact taps for 2Sol Ring
89%
restricted1998sac this land to destroy any landStrip Mine
89%
restricted1994all players shuffle hand and deck into library then draw 7Timetwister
89%
restricted1994/2008artifact that taps for extra turn. doesn' untap normallyTime Vault
89%
restricted19942 mana to take an extra turnTime Walk
89%
restricted1998tap this land to get U for each artifact you controlTolarian Academy
89%
restricted2015delve: draw 3 cardsTreasure Cruise
89%
restricted1999search your deck for a card and put it on top of your deck. lose 2 lifeVampiric Tutor
89%
restricted1994all players discard their hand and then draw 7Wheel of Fortune
89%
restricted1995for each card type, each player who has more than another has to sacrifice until those permanent types are equalBalance
78%
restricted2000name a card and reveal cards from the top of your deck until you reveal the named card. put that card in your hand, and exile the rest.Demonic Consultation
78%
banned1995flip this sorcery onto the table. whatever it hits takes 3 damageFalling Star
78%
restricted2003/2008/2017return 2 islands to your hand to draw 2 cardsGush
78%
restricted2005sorcery: search your deck for a card and put it on top of your deck. you lose 2 lifeImperial Seal
78%
restricted1999search your deck for an instant or sorcery and put it on top of your deckMystical Tutor
78%
restricted2019your opponent can only draw 1 card per turnNarset, Parter of Veils
78%
restricted1999sac an artifact and put an artifact from your deck into playTinker
78%
restricted2005all spells lower than 3 cmc become 3 cmcTrinisphere
78%
restricted1998each player discards their hand then draws equal to the biggest number of cards discarded this wayWindfall
78%
restricted1999you can play cards from your graveyard. If a card would go to your graveyard, it gets exiled insteadYawgmoth's Will
78%
restricted2016nonartifact spells cost 1 moreLodestone Golem
67%
restricted2008Search your deck for an instant and put it in your handMerchant Scroll
67%
restricted2019you can play artifact spells from the top of your deckMystic Forge
67%
restricted1999all players exile their hand then draw 7, at end of turn they discard their hand and get back their old handMemory Jar
56%
restricted2003exile the top card of your deck. you may play it for free this turn. stormMind's Desire
56%
restricted2017noncreature spells cost 1 moreThorn of Amethyst
56%

Score Distribution

Percentile by Number Answered

Percent of People with Each Score

Your Score History

You have not taken this quiz since the last reset